000 01043 a2200253 4500
001 41994
005 20260407155711.0
008 260407a1988 arg spa d
003 AR-UNSa-BCEJYS
040 _aAR-UNSa-BCEJYS
_bspa
_cAR-UNSa-BCEJYS
080 _a330
_xEconomía en general
245 1 0 _aEconomía
020 _a84-7615-172-1
250 _a3a. ed.
264 1 _c1988
300 _axxxii, 863 p.
_c23 cm.
505 _a1. Conceptos económicos básicos - 2. Alto nivel de empleo y estabilidad de precios - 3. Políticas de demanda agregada - 4. Las grandes cuestiones macroeconomicas de nuestro tiempo - 5. Microeconomía ¿ Es suficiente nuestra producción? - 6. Eficiencia económica: Cuestiones para nuestro tiempo - 7. Microeconomía: Como se distribuye la renta
041 _aspa
942 _cBK
590 _aniveau_biblio:m niveau_hierar:0
100 1 _aWonnacott, Ronald J.
700 1 _aWonnacott, Paul
856 4 1 _uhttps://biblioeco.unsa.edu.ar/pmb/images/libros/L53495_01.jpg
_yImagen de portada
_qimage/jpeg
999 _c3559
_d3559